Statistics for English Figurative Language

Click here to take the quiz!

General Stats

  • This quiz has been taken 10 times
  • The average score is 6 of 12

Answer Stats

HintAnswer% Correct
You are a fat pig.metaphor
89%
I am as hungry as a horse on steroids.simile
89%
Peter Piper picked a peck of purple peppers.alliteration
78%
This quiz took me years to make.hyperbole
78%
Buying those spare bodies cost me an arm and a legidiom
67%
KASHOOMAFLOINK! (or bam, pow, crash)Onomatopoeia
67%
I be-leaf the fall will come soonpun
67%
That new student is stupid smart.Oxymoron
44%
We see the bee flyassonance
33%
That garden is almost as spectacular as the garden of Eden.Allusion
0%
The Bond that transcends the beyondconsonance
0%
We need all hands on deck!synecdoche
0%

Score Distribution

Percentile by Number Answered

Percent of People with Each Score

Your Score History

You have not taken this quiz